[Event "16th "]
[Site "Senta"]
[Date "2012.07.20"]
[Round "8.10"]
[White "Milivojevic, Jasmina"]
[Black "Nestorovic, Irena"]
[Result "1-0"]
[WhiteElo "1813"]
[BlackElo "2063"]
[PlyCount "49"]
[EventDate "2012.07.14"]

1. d4 Nf6 2. c4 e6 3. Nf3 d5 4. e3 c6 5. Nbd2 Nbd7 6. Bd3 Bd6 7. O-O O-O 8. e4
dxe4 9. Nxe4 Nxe4 10. Bxe4 h6 11. Bc2 Re8 12. Qd3 Nf8 13. Be3 a5 14. Rad1 b6
15. Ne5 Bb7 16. Qe2 Qc7 17. f4 c5 18. Qg4 cxd4 19. Bxd4 Bc5 20. Kh1 Red8 21.
Bc3 f6 22. Ng6 Rxd1 23. Rxd1 Qc6 24. Re1 f5 25. Ne7+ 1-0

[Event "16th "]
[Site "Senta"]
[Date "2012.07.20"]
[Round "8.13"]
[White "Sarnyai, Daniel"]
[Black "Aleksic, Zvonimir"]
[Result "1/2-1/2"]
[WhiteElo "1793"]
[BlackElo "1955"]
[PlyCount "60"]
[EventDate "2012.07.14"]

1. c4 Nf6 2. Nc3 g6 3. e4 d6 4. g3 Bg7 5. Bg2 O-O 6. Nge2 Nc6 7. O-O e5 8. d3
a6 9. f4 Nd4 10. h3 Rb8 11. a4 Bd7 12. Nxd4 exd4 13. Ne2 c5 14. g4 b5 15. axb5
axb5 16. b3 h6 17. Ng3 bxc4 18. bxc4 Nh7 19. f5 Be5 20. Qf3 Qh4 21. Ne2 Ng5 22.
Bxg5 Qxg5 23. Nf4 Bxf4 24. Qxf4 Qxf4 25. Rxf4 g5 26. Rf2 Rb3 27. Bf1 Rfb8 28.
Ra6 R3b6 29. Rfa2 Kg7 30. Ra7 Be8 1/2-1/2

[Event "16th "]
[Site "Senta"]
[Date "2012.07.20"]
[Round "8.15"]
[White "Milivojevic, Jelena"]
[Black "Farkas, Sandor I"]
[Result "1-0"]
[WhiteElo "2011"]
[BlackElo "1823"]
[PlyCount "53"]
[EventDate "2012.07.14"]

1. d4 Nf6 2. c4 g6 3. Nc3 Bg7 4. e4 d6 5. f4 O-O 6. Nf3 c5 7. d5 e6 8. Be2 exd5
9. cxd5 Re8 10. Nd2 a6 11. a4 Nbd7 12. O-O Nf8 13. Bf3 Rb8 14. a5 h5 15. h3
N6h7 16. Nc4 f5 17. e5 dxe5 18. fxe5 Ng5 19. e6 Bd4+ 20. Kh1 Nfxe6 21. dxe6
Bxe6 22. Nb6 Nxf3 23. Qxf3 Qf6 24. Bf4 Be5 25. Rad1 Bxf4 26. Qxf4 g5 27. Ncd5
1-0

[Event "16th "]
[Site "Senta"]
[Date "2012.07.20"]
[Round "8.29"]
[White "Szabo, Nikita"]
[Black "Posa, Janos"]
[Result "0-1"]
[WhiteElo "1618"]
[BlackElo "1904"]
[PlyCount "38"]
[EventDate "2012.07.14"]

1. d4 d5 2. c4 e6 3. Nc3 f5 4. Nf3 Nf6 5. cxd5 exd5 6. Bg5 Be7 7. e3 O-O 8. Bd3
Ne4 9. Bxe7 Qxe7 10. O-O c6 11. h3 Be6 12. Rc1 Nd7 13. Rc2 h6 14. Bxe4 fxe4 15.
Ne5 Nxe5 16. dxe5 Qg5 17. Kh1 Qxe5 18. Na4 Bxh3 19. Qd4 Bxg2+ 0-1

[Event "16th "]
[Site "Senta"]
[Date "2012.07.20"]
[Round "8.32"]
[White "Orcik, Istvan"]
[Black "Barta, Aron"]
[Result "0-1"]
[WhiteElo "1736"]
[BlackElo "1571"]
[PlyCount "54"]
[EventDate "2012.07.14"]

1. e4 e5 2. Bc4 Nf6 3. Nf3 Nc6 4. Ng5 d5 5. exd5 Nxd5 6. Nxf7 Kxf7 7. Qf3+ Ke6
8. Nc3 Nce7 9. Ne4 Ng6 10. d4 Be7 11. dxe5 Nxe5 12. Qg3 Nxc4 13. Qxg7 Qf8 14.
Qd4 Ncb6 15. Bd2 Bf6 16. Nxf6 Qxf6 17. Qxf6+ Kxf6 18. O-O-O Re8 19. b3 Re2 20.
Rhf1 Bf5 21. c4 Ne7 22. Bc3+ Kf7 23. Rd2 Rxd2 24. Bxd2 Re8 25. Be3 Nc6 26. Rd1
Rd8 27. Re1 Ne5 0-1

[Event "16th "]
[Site "Senta"]
[Date "2012.07.20"]
[Round "8.44"]
[White "Miklos, Adel"]
[Black "Djuketic, Dusan"]
[Result "1/2-1/2"]
[WhiteElo "1645"]
[BlackElo "1397"]
[PlyCount "25"]
[EventDate "2012.07.14"]

1. e4 d5 2. e5 Bf5 3. d4 e6 4. Nc3 Nd7 5. Nf3 Bb4 6. Bd2 Ne7 7. a3 Bxc3 8. Bxc3
O-O 9. Bb4 Nb6 10. Be2 Re8 11. h3 h6 12. O-O Nc6 13. Bc3 1/2-1/2

[Event "16th "]
[Site "Senta"]
[Date "2012.07.21"]
[Round "9.7"]
[White "Dikic, Veljko"]
[Black "Bernath, Robert"]
[Result "1/2-1/2"]
[WhiteElo "1873"]
[BlackElo "2100"]
[PlyCount "65"]
[EventDate "2012.07.14"]

1. e4 c5 2. Nc3 Nc6 3. Bb5 Nd4 4. Bc4 e6 5. Nge2 Nf6 6. e5 d5 7. exd6 Bxd6 8.
Nb5 Nxb5 9. Bxb5+ Bd7 10. Bxd7+ Qxd7 11. d3 Qc6 12. O-O Qc7 13. h3 h6 14. Nc3
a6 15. Ne4 Be7 16. Bd2 O-O 17. Qf3 Nxe4 18. dxe4 Rfd8 19. Rfd1 Bf6 20. Bf4 Be5
21. Bxe5 Qxe5 22. c3 c4 23. Qe2 b5 24. f3 Qc5+ 25. Qf2 Qc7 26. Qe2 Kf8 27.
Rxd8+ Rxd8 28. Rd1 Ke7 29. Rxd8 Qxd8 30. e5 f6 31. exf6+ Kxf6 32. f4 Qd5 33.
Kf2 1/2-1/2

[Event "16th "]
[Site "Senta"]
[Date "2012.07.21"]
[Round "9.10"]
[White "Braun, Tibor"]
[Black "Milivojevic, Jelena"]
[Result "1-0"]
[WhiteElo "1893"]
[BlackElo "2011"]
[PlyCount "69"]
[EventDate "2012.07.14"]

1. d4 Nf6 2. Nf3 d6 3. Bg5 Nbd7 4. c4 e5 5. dxe5 dxe5 6. Nc3 Be7 7. e4 c6 8. a3
a5 9. Qc2 Qc7 10. Be2 O-O 11. O-O Re8 12. h3 Bf8 13. Be3 g6 14. Rfd1 Nc5 15. b4
Ne6 16. b5 Nc5 17. a4 Bd7 18. Rd2 Rad8 19. Bg5 Bg7 20. Rad1 h6 21. Be3 Ne6 22.
b6 Qb8 23. c5 Bf8 24. Na2 g5 25. Nc1 Bc8 26. Rxd8 Rxd8 27. Rxd8 Nxd8 28. Nd2 g4
29. h4 Ne6 30. Qc3 Nf4 31. Bxf4 exf4 32. Qxf6 Bxc5 33. Qd8+ Kg7 34. Bxg4 Bxb6
35. Qxc8 1-0

[Event "16th "]
[Site "Senta"]
[Date "2012.07.21"]
[Round "9.14"]
[White "Aleksic, Zvonimir"]
[Black "Csomos, Janos"]
[Result "1/2-1/2"]
[WhiteElo "1955"]
[BlackElo "1926"]
[PlyCount "40"]
[EventDate "2012.07.14"]

1. e4 d5 2. exd5 Qxd5 3. Nc3 Qa5 4. Nf3 Bf5 5. g3 e6 6. Bg2 c6 7. O-O Be7 8.
Re1 Nd7 9. a3 Ngf6 10. d3 O-O 11. Bd2 Qc7 12. Bf4 Bd6 13. Bxd6 Qxd6 14. Ne4
Bxe4 15. dxe4 Qxd1 16. Raxd1 Nb6 17. b3 Rfd8 18. Ne5 Kf8 19. Kf1 Nbd7 20. Nxd7+
Nxd7 1/2-1/2

[Event "16th "]
[Site "Senta"]
[Date "2012.07.21"]
[Round "9.20"]
[White "Skrbic, Svetozar"]
[Black "Kovacs, Arthur"]
[Result "0-1"]
[WhiteElo "1771"]
[BlackElo "2032"]
[PlyCount "70"]
[EventDate "2012.07.14"]

1. d4 d5 2. Nf3 Nf6 3. e3 e6 4. c4 Be7 5. a3 O-O 6. Nc3 b6 7. cxd5 Nxd5 8. e4
Nxc3 9. bxc3 c5 10. Bb2 Bb7 11. e5 Qd7 12. Be2 Ba6 13. Bxa6 Nxa6 14. Qe2 Nc7
15. a4 Rac8 16. O-O cxd4 17. Rfd1 Nd5 18. Rxd4 Bc5 19. Rd2 Qc6 20. Nd4 Bxd4 21.
cxd4 Qc4 22. g3 Qxe2 23. Rxe2 Rc4 24. a5 b5 25. Rd2 Rfc8 26. Kf1 Nb4 27. Rad1
Nd5 28. h4 h5 29. Ke2 a6 30. Ra1 Nb4 31. Ba3 Nc2 32. Ra2 b4 33. Bb2 b3 34. Ra1
Nxa1 35. Bxa1 Rc1 0-1

[Event "16th "]
[Site "Senta"]
[Date "2012.07.21"]
[Round "9.22"]
[White "Kormanyos, Akos"]
[Black "Dzaja, Martin Zorislav"]
[Result "0-1"]
[WhiteElo "1680"]
[BlackElo "1944"]
[PlyCount "28"]
[EventDate "2012.07.14"]

1. e4 c5 2. Nf3 g6 3. d4 cxd4 4. Nxd4 Nf6 5. Nc3 Bg7 6. Bf4 O-O 7. Be3 Nc6 8.
Nxc6 bxc6 9. e5 Ne8 10. Qd2 Rb8 11. O-O-O Qa5 12. Kb1 Qb4 13. b3 d6 14. Na4
Qxa4 0-1

[Event "17. Šahovski festival "]
[Site "Senta"]
[Date "2013.07.13"]
[Round "1.1"]
[White "Vranic, Ljubomir"]
[Black "Balog, Imre"]
[Result "0-1"]
[WhiteElo "2225"]
[BlackElo "2547"]
[PlyCount "114"]
[EventDate "2013.07.13"]

1. d4 Nf6 2. c4 g6 3. Nc3 Bg7 4. e4 d6 5. Bd3 O-O 6. Nge2 c5 7. d5 e6 8. h3
Nbd7 9. Ng3 a6 10. a4 h5 11. Bg5 Qe8 12. Be2 Nh7 13. Bd2 e5 14. h4 Qd8 15. Nf1
Kh8 16. g4 hxg4 17. h5 gxh5 18. Rxh5 f5 19. exf5 Ndf6 20. Rh1 Bxf5 21. Ne3 Qd7
22. Nxf5 Qxf5 23. Be3 Kg8 24. Rg1 Kf7 25. Qb3 Rab8 26. Qb6 Rfd8 27. O-O-O Rd7
28. Rg3 Rg8 29. f3 Qh5 30. fxg4 Qh4 31. Rf3 Bh6 32. Bxh6 Qxh6+ 33. Kb1 Rxg4 34.
Rdf1 Rf4 35. Ka2 Rxf3 36. Rxf3 Ng5 37. Rf1 Kg7 38. Rg1 Kf8 39. Qa7 Nf7 40. Qb8+
Ke7 41. Bg4 Nxg4 42. Rxg4 Qf8 43. Qa7 Qc8 44. Qb6 Qh8 45. Rg6 Qh4 46. Qb3 Kf8
47. a5 e4 48. Qc2 Re7 49. Ne2 e3 50. Qc3 Ne5 51. Rxd6 Qxc4+ 52. Qxc4 Nxc4 53.
Rd8+ Re8 54. Rd7 Nxa5 55. d6 Re4 56. b3 Ke8 57. Rc7 b6 0-1

[Event "17. Šahovski festival "]
[Site "Senta"]
[Date "2013.07.13"]
[Round "1.2"]
[White "Lazic, Miroljub"]
[Black "Simonyi, Zoltan"]
[Result "1-0"]
[WhiteElo "2467"]
[BlackElo "2220"]
[PlyCount "81"]
[EventDate "2013.07.13"]

1. g3 d5 2. Bg2 e5 3. c4 d4 4. d3 Nf6 5. Nf3 Nc6 6. O-O Be7 7. b4 Nd7 8. b5
Ncb8 9. a4 O-O 10. Nbd2 Re8 11. Nb3 c6 12. e3 Bf6 13. exd4 exd4 14. Bb2 c5 15.
Nfd2 Be7 16. Ba3 Qc7 17. Re1 Nf6 18. a5 Nbd7 19. a6 Rb8 20. axb7 Bxb7 21. Bxb7
Rxb7 22. Nxd4 Ne5 23. N2f3 Bd6 24. Nb3 Rd8 25. Nxe5 Bxe5 26. Ra2 Bc3 27. Nxc5
Rb6 28. Ree2 Rbd6 29. Na6 Qd7 30. Bxd6 Qxd6 31. c5 Qd5 32. c6 Qxb5 33. c7 Rc8
34. Rec2 Ba5 35. Rc5 Qxa6 36. Raxa5 Qb7 37. Rab5 Qa6 38. Rb8 Nd7 39. Rxc8+ Qxc8
40. Qg4 g6 41. Qxd7 1-0

[Event "17. Šahovski festival "]
[Site "Senta"]
[Date "2013.07.13"]
[Round "1.3"]
[White "Nagy, Attila N"]
[Black "Drazic, Sinisa"]
[Result "0-1"]
[WhiteElo "2206"]
[BlackElo "2464"]
[PlyCount "62"]
[EventDate "2013.07.13"]

1. d4 Nf6 2. c4 a6 3. g3 c5 4. Nf3 e6 5. Bg2 b5 6. dxc5 Bxc5 7. Ne5 Ra7 8. Nd3
Bb6 9. cxb5 axb5 10. Nc3 Bb7 11. O-O Bxg2 12. Kxg2 Qc8 13. Bf4 Qb7+ 14. Kg1 Nc6
15. a4 bxa4 16. Nxa4 Bc7 17. Nac5 Qc8 18. Rxa7 Nxa7 19. Qa4 Bxf4 20. Qxf4 O-O
21. Ra1 Nc6 22. b4 Qb8 23. Na6 Qb6 24. Qc4 Rc8 25. Nac5 Qb8 26. b5 Ne5 27. Qb3
Nxd3 28. Nxd3 Nd5 29. Rb1 Qb7 30. Qa3 Nc3 31. Rb2 Nxb5 0-1

[Event "17. Šahovski festival "]
[Site "Senta"]
[Date "2013.07.13"]
[Round "1.4"]
[White "Nestorovic, Dejan"]
[Black "Agoston, Aron"]
[Result "1-0"]
[WhiteElo "2411"]
[BlackElo "2162"]
[PlyCount "79"]
[EventDate "2013.07.13"]

1. d4 Nf6 2. c4 g6 3. Nc3 d5 4. Bg5 Ne4 5. h4 Nxc3 6. bxc3 Bg7 7. e3 c5 8. cxd5
Qxd5 9. Qf3 Qxf3 10. Nxf3 Nc6 11. Rb1 cxd4 12. cxd4 Na5 13. Bd3 Bd7 14. Ke2 Bc6
15. e4 e6 16. Rhc1 f5 17. exf5 gxf5 18. Bd2 b6 19. Bxa5 Bxf3+ 20. Kxf3 bxa5 21.
Rb7 O-O 22. Rcc7 Bxd4 23. Bc4 Rae8 24. Rxh7 f4 25. Rhd7 Bc3 26. Ke4 Ba1 27.
Rxa7 a4 28. Rxa4 Rf7 29. Rxf7 Kxf7 30. Kxf4 Bf6 31. g3 Kg6 32. Bd3+ Kf7 33.
Ra7+ Be7 34. Bc4 Kf6 35. Ra6 Bc5 36. f3 Bd4 37. g4 Be5+ 38. Ke4 Bg3 39. h5 Bh4
40. f4 1-0

[Event "17. Šahovski festival "]
[Site "Senta"]
[Date "2013.07.13"]
[Round "1.5"]
[White "Domany, Zsofia"]
[Black "Stankovic, Milos"]
[Result "0-1"]
[WhiteElo "2158"]
[BlackElo "2396"]
[PlyCount "102"]
[EventDate "2013.07.13"]

1. e4 c5 2. Nf3 d6 3. d4 cxd4 4. Nxd4 Nf6 5. Nc3 Bd7 6. Be3 Ng4 7. Bg5 h6 8.
Bh4 g5 9. Bg3 Bg7 10. Be2 h5 11. h3 h4 12. hxg4 hxg3 13. Rxh8+ Bxh8 14. fxg3
Qb6 15. Nb3 Be5 16. Nd5 Bxg3+ 17. Kd2 Bf4+ 18. Nxf4 gxf4 19. Qg1 Nc6 20. Qxb6
axb6 21. Rh1 O-O-O 22. Rf1 e5 23. Rh1 Rg8 24. Rh4 Be6 25. c4 Ne7 26. Ke1 Ng6
27. Rh3 Nf8 28. g3 fxg3 29. Rxg3 Ng6 30. g5 Nf4 31. Nc1 f6 32. Rb3 Rxg5 33.
Rxb6 Rg1+ 34. Kd2 Rxc1 35. Kxc1 Nxe2+ 36. Kd2 Ng3 37. Ke3 f5 38. exf5 Nxf5+ 39.
Ke4 Bd7 40. a4 Kc7 41. a5 Ne7 42. Rb3 Bf5+ 43. Ke3 Be6 44. Rc3 Nc6 45. Ke4 Nxa5
46. c5 Nb3 47. cxd6+ Kxd6 48. Rd3+ Nd4 49. Rg3 Bd5+ 50. Kd3 Kc5 51. Rg5 e4+ 0-1

[Event "17. Šahovski festival "]
[Site "Senta"]
[Date "2013.07.13"]
[Round "1.8"]
[White "Dragovic, Momcilo"]
[Black "Manojlovic, Sava"]
[Result "1/2-1/2"]
[WhiteElo "2387"]
[BlackElo "2127"]
[PlyCount "35"]
[EventDate "2013.07.13"]

1. e4 c5 2. Nf3 e6 3. d4 cxd4 4. Nxd4 a6 5. Nf3 Qc7 6. c4 Nf6 7. Bd3 d6 8. Nc3
g6 9. O-O Bg7 10. Bf4 Nbd7 11. Rc1 O-O 12. Bb1 Ne8 13. Qd2 Ne5 14. Bxe5 dxe5
15. Rfd1 b6 16. Qe3 Bd7 17. b4 Nf6 18. Nd2 1/2-1/2

[Event "17. Šahovski festival "]
[Site "Senta"]
[Date "2013.07.13"]
[Round "1.9"]
[White "Markovic, Aleksandar"]
[Black "Kosanovic, Goran A"]
[Result "0-1"]
[WhiteElo "2111"]
[BlackElo "2372"]
[PlyCount "104"]
[EventDate "2013.07.13"]

1. e4 c5 2. Nf3 d6 3. d4 cxd4 4. Nxd4 Nf6 5. Nc3 Bd7 6. Bg5 e6 7. Ndb5 Bxb5 8.
Bxb5+ Nc6 9. Qf3 Be7 10. e5 Nd5 11. Bxc6+ bxc6 12. Bxe7 Qxe7 13. Qg3 O-O 14.
exd6 Qb7 15. Rb1 Qa6 16. Qd3 Qxd3 17. cxd3 Rfd8 18. Nxd5 cxd5 19. Kd2 Rxd6 20.
Rbc1 Ra6 21. a3 Rb8 22. Rc2 g6 23. Rhc1 Kg7 24. Ke3 Rb3 25. Rc6 Rxc6 26. Rxc6
Rxb2 27. Rc7 a6 28. Rc6 d4+ 29. Kf3 Rd2 30. Rxa6 Rxd3+ 31. Ke2 Rb3 32. a4 e5
33. a5 e4 34. Rb6 Ra3 35. Rb4 d3+ 36. Ke3 f5 37. f3 exf3 38. gxf3 Rxa5 39. Kxd3
Ra3+ 40. Ke2 Ra2+ 41. Ke3 Rxh2 42. Rb6 Kh6 43. Kf4 Rh4+ 44. Kg3 Ra4 45. Rb7 g5
46. Rb5 Kg6 47. Rb6+ Kh5 48. Rb5 f4+ 49. Kh3 Ra3 50. Kg2 Kh4 51. Rb2 h5 52. Rf2
Ra4 0-1

[Event "17. Šahovski festival "]
[Site "Senta"]
[Date "2013.07.13"]
[Round "1.10"]
[White "Andrijevic, Milan"]
[Black "Savic, Dragan"]
[Result "1-0"]
[WhiteElo "2322"]
[BlackElo "2106"]
[PlyCount "95"]
[EventDate "2013.07.13"]

1. e4 e6 2. Nf3 d5 3. exd5 exd5 4. d4 Bd6 5. c4 Qe7+ 6. Be2 dxc4 7. O-O Nf6 8.
Bxc4 O-O 9. Re1 Qd8 10. h3 c6 11. Nc3 Nbd7 12. Bg5 h6 13. Bh4 Nb6 14. Bb3 Be7
15. Qe2 Bb4 16. a3 Bxc3 17. bxc3 Nbd5 18. Qd2 Qb6 19. Bc2 Qa5 20. Rac1 Be6 21.
Ne5 c5 22. dxc5 Rac8 23. c6 bxc6 24. Bb1 Rfd8 25. Qc2 g5 26. Bg3 Ne7 27. Qe2
Kg7 28. Nxf7 Bxf7 29. Qxe7 Re8 30. Qb4 Rxe1+ 31. Rxe1 Qxb4 32. axb4 Nd5 33. Bf5
Rd8 34. Be5+ Kf8 35. Bd4 Kg8 36. g4 a6 37. Kh2 Nf4 38. Kg3 Bc4 39. Kf3 Bd5+ 40.
Be4 Nxh3 41. Bxd5+ cxd5 42. Re6 Rf8+ 43. Ke3 h5 44. gxh5 Nxf2 45. Rg6+ Kh7 46.
Rxg5 Nh3 47. Rxd5 Nf4 48. Rd7+ 1-0

[Event "17. Šahovski festival "]
[Site "Senta"]
[Date "2013.07.13"]
[Round "1.11"]
[White "Miladinovic, Lena"]
[Black "Dudukovic, Nikola"]
[Result "1/2-1/2"]
[WhiteElo "2083"]
[BlackElo "2321"]
[PlyCount "48"]
[EventDate "2013.07.13"]

1. d4 Nf6 2. Nf3 c5 3. d5 d6 4. Nc3 g6 5. e4 Bg4 6. Be2 Bg7 7. O-O O-O 8. Be3
Nfd7 9. Nd2 Bxe2 10. Qxe2 Na6 11. a4 Nc7 12. Nc4 Rb8 13. Ra3 a6 14. Rb3 b5 15.
axb5 Nxb5 16. Nxb5 Rxb5 17. Ra3 Nb6 18. Na5 Rxb2 19. Nc6 Qe8 20. Rxa6 e6 21.
Bc1 Rb1 22. Bg5 Rb2 23. Bc1 Rb1 24. Bf4 Rb2 1/2-1/2

[Event "17. Šahovski festival "]
[Site "Senta"]
[Date "2013.07.13"]
[Round "1.12"]
[White "Kokeza, Mirko"]
[Black "Sente, Damir"]
[Result "1/2-1/2"]
[WhiteElo "2315"]
[BlackElo "2082"]
[PlyCount "100"]
[EventDate "2013.07.13"]

1. d4 Nf6 2. c4 e6 3. Nf3 d5 4. Nc3 Be7 5. Bg5 O-O 6. e3 h6 7. Bxf6 Bxf6 8. Qd2
b6 9. O-O-O dxc4 10. Bxc4 Ba6 11. Qe2 Qc8 12. Ne4 Be7 13. Kb1 Bxc4 14. Qxc4 Qb7
15. Nc3 Nd7 16. e4 Nf6 17. Rhe1 c6 18. Ne5 Rac8 19. f4 b5 20. Qb3 b4 21. g4 Qc7
22. Na4 c5 23. dxc5 Bxc5 24. Rc1 Qa5 25. g5 hxg5 26. fxg5 Bf2 27. gxf6 Bxe1 28.
Nc4 Rxc4 29. Qxc4 Bd2 30. Rg1 g6 31. Nc5 Be3 32. Rxg6+ fxg6 33. Qxe6+ Kh8 34.
Qh3+ Kg8 35. Qxe3 Rxf6 36. Qd4 Rf1+ 37. Kc2 Qxa2 38. Qxb4 Rf2+ 39. Kc3 Qf7 40.
Qd4 Rxh2 41. e5 Qf3+ 42. Kb4 Qf2 43. Qd8+ Kh7 44. Qc7+ Kh6 45. b3 Qf4+ 46. Kb5
Qf1+ 47. Kc6 Qf3+ 48. Kb5 Qf1+ 49. Kc6 Qf3+ 50. Kb5 Qf1+ 1/2-1/2

[Event "17. Šahovski festival "]
[Site "Senta"]
[Date "2013.07.13"]
[Round "1.13"]
[White "Cica, Dragan"]
[Black "Radusinovic, Lazar"]
[Result "1/2-1/2"]
[WhiteElo "2063"]
[BlackElo "2310"]
[PlyCount "89"]
[EventDate "2013.07.13"]

1. e4 c5 2. Nf3 Nc6 3. d4 cxd4 4. Nxd4 e5 5. Nb5 d6 6. N1c3 a6 7. Na3 b5 8. Nd5
Nge7 9. Be3 Nxd5 10. Qxd5 Qc7 11. Be2 Be6 12. Qd2 Rd8 13. O-O d5 14. exd5 Rxd5
15. Qc1 Nd4 16. Bd1 b4 17. c3 bxa3 18. cxd4 Qxc1 19. Bxc1 exd4 20. Bb3 Re5 21.
bxa3 Bc5 22. Bb2 Re2 23. Rab1 O-O 24. Rfe1 d3 25. Rxe2 dxe2 26. Re1 Rd8 27. g3
Bxb3 28. axb3 Rd1 29. Bc3 Bxa3 30. Ba5 Rd5 31. Bc7 Rc5 32. Bb6 Rc2 33. Ba5 g5
34. g4 Bd6 35. Kg2 Rb2 36. Bc3 Rc2 37. Ba5 f5 38. gxf5 Kf7 39. Kf3 Kf6 40. Ke4
g4 41. Bd8+ Kf7 42. Kd3 Rb2 43. Rxe2 Rxb3+ 44. Kc4 Rb8 45. Bh4 1/2-1/2

[Event "17. Šahovski festival "]
[Site "Senta"]
[Date "2013.07.13"]
[Round "1.14"]
[White "Stanojevic, Branko"]
[Black "Djuza, Zivko"]
[Result "1-0"]
[WhiteElo "2302"]
[BlackElo "2063"]
[PlyCount "59"]
[EventDate "2013.07.13"]

1. d4 Nf6 2. c4 c5 3. dxc5 e6 4. Nc3 Bxc5 5. Nf3 O-O 6. e3 Nc6 7. a3 a5 8. Be2
d5 9. O-O Qe7 10. cxd5 exd5 11. Nxd5 Nxd5 12. Qxd5 Be6 13. Qh5 h6 14. Bd2 a4
15. Rac1 Bd6 16. Bc4 Rfe8 17. Rfd1 Red8 18. Bxe6 Qxe6 19. Qb5 Qe7 20. Bc3 Bc7
21. Rxd8+ Nxd8 22. Bb4 Bd6 23. Bxd6 Qxd6 24. Qe8+ Kh7 25. Nd4 g6 26. h4 Kg7 27.
h5 Ra5 28. Rc8 Rd5 29. hxg6 fxg6 30. Rxd8 1-0

[Event "17. Šahovski festival "]
[Site "Senta"]
[Date "2013.07.13"]
[Round "1.15"]
[White "Kaszas, Viktor"]
[Black "Tancik, Kristijan"]
[Result "1/2-1/2"]
[WhiteElo "2040"]
[BlackElo "2272"]
[PlyCount "72"]
[EventDate "2013.07.13"]

1. b3 d5 2. Bb2 c6 3. e3 Nf6 4. Nf3 Bg4 5. Be2 e6 6. d3 Bd6 7. Nbd2 Nbd7 8. c4
Qe7 9. h3 Bxf3 10. Nxf3 Ba3 11. Bxa3 Qxa3 12. d4 Ne4 13. O-O Nc3 14. Qc2 Nxe2+
15. Qxe2 Nf6 16. Ne5 O-O 17. f3 Rfd8 18. c5 Nd7 19. Nxd7 Rxd7 20. f4 Re7 21. h4
f6 22. h5 e5 23. fxe5 fxe5 24. Qf2 h6 25. Rad1 Rae8 26. Rd2 exd4 27. exd4 Qa5
28. Rd3 Re1 29. Qf7+ Kh8 30. Rdf3 Rxf1+ 31. Rxf1 Qd8 32. Qxb7 Qh4 33. Qxc6
Qxd4+ 34. Kh1 Qh4+ 35. Kg1 Qd4+ 36. Kh1 Qh4+ 1/2-1/2

[Event "17. Šahovski festival "]
[Site "Senta"]
[Date "2013.07.13"]
[Round "1.16"]
[White "Desnica, Vladan"]
[Black "Bejatovic, Bojana"]
[Result "1-0"]
[WhiteElo "2257"]
[BlackElo "2002"]
[PlyCount "85"]
[EventDate "2013.07.13"]

1. d4 f5 2. Bg5 g6 3. Nc3 Bg7 4. e4 d6 5. Qd2 fxe4 6. Nxe4 Nf6 7. Ng3 Nc6 8.
O-O-O Bd7 9. h4 e6 10. Nf3 Qe7 11. d5 exd5 12. Re1 Be6 13. Bb5 h6 14. Bxc6+
bxc6 15. Nd4 Kd7 16. Nxe6 hxg5 17. Nc5+ dxc5 18. Rxe7+ Kxe7 19. Re1+ Kd7 20.
hxg5 Nh7 21. f4 Rhe8 22. Ne4 Bd4 23. c3 Rxe4 24. Rxe4 dxe4 25. cxd4 Re8 26.
dxc5+ Kc8 27. Qe3 Nf8 28. g4 Nd7 29. b4 Kd8 30. f5 Nf8 31. a4 a6 32. Qd4+ Kc8
33. Qc4 e3 34. Qxa6+ Kd7 35. Kd1 e2+ 36. Ke1 Re5 37. Qd3+ Kc8 38. fxg6 Rxg5 39.
Qe3 Rxg6 40. Qe8+ Kb7 41. Qxf8 Rxg4 42. b5 cxb5 43. Qf3+ 1-0

[Event "17. Šahovski festival "]
[Site "Senta"]
[Date "2013.07.13"]
[Round "1.17"]
[White "Kovacs, Arthur"]
[Black "Vucinic, Gojko"]
[Result "1/2-1/2"]
[WhiteElo "1995"]
[BlackElo "2252"]
[PlyCount "94"]
[EventDate "2013.07.13"]

1. d4 Nf6 2. Nf3 g6 3. c4 Bg7 4. Nc3 d5 5. Bf4 O-O 6. e3 c5 7. dxc5 Ne4 8. Rc1
Qa5 9. Be5 Bxe5 10. Nxe5 Nxc3 11. Rxc3 Qxa2 12. Qc1 Qa4 13. cxd5 Qe4 14. Nf3
Bg4 15. Rc4 Qf5 16. e4 Qh5 17. Be2 Nd7 18. O-O Ne5 19. Rc3 Rac8 20. Nxe5 Bxe2
21. Re1 Qxe5 22. Rxe2 Rc7 23. Qe3 f5 24. f4 Qxe4 25. Qxe4 fxe4 26. Rxe4 Rd8 27.
Re5 Kf7 28. b4 Rdc8 29. Ra3 a6 30. g4 Rd7 31. g5 Rcd8 32. Rd3 Rc8 33. Rh3 Kg7
34. Rhe3 Kf8 35. Rc3 Rdc7 36. Ra3 Rd7 37. h4 Rcd8 38. Rd3 Rc8 39. Rc3 Rcd8 40.
c6 bxc6 41. dxc6 Rd4 42. c7 Rc8 43. b5 axb5 44. Rxb5 Ke8 45. f5 gxf5 46. Rxf5
Rxh4 47. Kg2 Rb4 1/2-1/2

[Event "17. Šahovski festival "]
[Site "Senta"]
[Date "2013.07.13"]
[Round "1.18"]
[White "Farkas, Tibor"]
[Black "Sakic, Lorand"]
[Result "1-0"]
[WhiteElo "2250"]
[BlackElo "1971"]
[PlyCount "37"]
[EventDate "2013.07.13"]

1. e4 e5 2. Nf3 Nc6 3. Bb5 a6 4. Ba4 Nf6 5. d4 Nxe4 6. Qe2 Nf6 7. dxe5 Ng4 8.
Nc3 Bb4 9. h3 Nh6 10. Bg5 Ne7 11. Qd2 Nhg8 12. a3 Bxc3 13. Qxc3 h6 14. Bh4 c6
15. Bb3 Kf8 16. O-O-O b5 17. Qc5 g5 18. Bg3 Kg7 19. Nd4 1-0

[Event "17. Šahovski festival "]
[Site "Senta"]
[Date "2013.07.14"]
[Round "2.1"]
[White "Balog, Imre"]
[Black "Andrijevic, Milan"]
[Result "1/2-1/2"]
[WhiteElo "2547"]
[BlackElo "2322"]
[PlyCount "98"]
[EventDate "2013.07.13"]

1. c4 e6 2. Nf3 Nf6 3. g3 c5 4. Bg2 Nc6 5. O-O Be7 6. d4 d5 7. cxd5 exd5 8. Be3
c4 9. Nc3 O-O 10. Ne5 Qa5 11. Bg5 Rd8 12. e3 Bf5 13. Qf3 Be6 14. Nxc6 bxc6 15.
Bxf6 Bxf6 16. Ne2 c5 17. Rfd1 Rac8 18. Nf4 cxd4 19. exd4 Qb6 20. Qc3 Bg5 21.
Nxe6 Qxe6 22. Re1 Qb6 23. Rad1 Bf6 24. Re3 g6 25. h4 h5 26. Qd2 Rb8 27. b3 Qb4
28. Qc1 cxb3 29. Rxb3 Qc4 30. Qe3 Rxb3 31. axb3 Qb4 32. Rd3 Kg7 33. Qf4 Qb6 34.
Bf3 a5 35. Qd2 Qb4 36. Qd1 Qb6 37. Kg2 Qb4 38. Qc2 Rd7 39. Qc5 Be7 40. Qc8 Qd6
41. Qa8 Qb6 42. Qc8 Rd8 43. Qc3 Bf6 44. Qc5 Rd6 45. Qc3 Rc6 46. Qd2 Rd6 47. Qf4
Rd8 48. Qc1 Rd6 49. Qc5 Rc6 1/2-1/2

[Event "17. Šahovski festival "]
[Site "Senta"]
[Date "2013.07.14"]
[Round "2.3"]
[White "Drazic, Sinisa"]
[Black "Stanojevic, Branko"]
[Result "1-0"]
[WhiteElo "2464"]
[BlackElo "2302"]
[PlyCount "43"]
[EventDate "2013.07.13"]

1. e4 e6 2. f4 c5 3. Nf3 Nc6 4. Bb5 Qc7 5. Bxc6 Qxc6 6. Nc3 Nf6 7. Qe2 Be7 8.
d3 b5 9. Bd2 Bb7 10. O-O b4 11. Nd1 d5 12. exd5 Nxd5 13. Ne5 Qc7 14. Nf2 Bf6
15. Ne4 Bxe5 16. fxe5 O-O 17. Qh5 Ne7 18. Nf6+ gxf6 19. exf6 Qc6 20. Rf3 Kh8
21. fxe7 Rg8 22. Qe5+ 1-0

[Event "17. Šahovski festival "]
[Site "Senta"]
[Date "2013.07.14"]
[Round "2.5"]
[White "Stankovic, Milos"]
[Black "Desnica, Vladan"]
[Result "1-0"]
[WhiteElo "2396"]
[BlackElo "2257"]
[PlyCount "91"]
[EventDate "2013.07.13"]

1. e4 e5 2. Nf3 Nc6 3. Bb5 Nf6 4. O-O Nxe4 5. d4 Nd6 6. Bxc6 dxc6 7. dxe5 Nf5
8. Qxd8+ Kxd8 9. Nc3 h6 10. h3 Bd7 11. Rd1 Kc8 12. b3 b6 13. Bb2 Ne7 14. Ne2
Ng6 15. Rd2 c5 16. Rad1 Be6 17. c4 Kb7 18. Ng3 Nf4 19. Rd8 Be7 20. Rxh8 Rxh8
21. Bc1 g5 22. Bxf4 gxf4 23. Ne2 Rd8 24. Rxd8 Bxd8 25. Nxf4 Bf5 26. Ne2 a6 27.
g4 Bh7 28. Nd2 b5 29. f4 Bc2 30. Kf2 Bh4+ 31. Ke3 Kb6 32. Nf3 Bd8 33. Ne1 Bh7
34. f5 a5 35. Nc3 Bg5+ 36. Kd3 c6 37. Ne4 Be7 38. Nf6 Bxf6 39. exf6 Kc7 40. Ke4
Kd6 41. Nd3 Bg8 42. Ne5 Kc7 43. h4 a4 44. g5 axb3 45. axb3 bxc4 46. bxc4 1-0

[Event "17. Šahovski festival "]
[Site "Senta"]
[Date "2013.07.14"]
[Round "2.6"]
[White "Korponai, Akos"]
[Black "Leskur, Dejan"]
[Result "0-1"]
[WhiteElo "1786"]
[BlackElo "2391"]
[PlyCount "52"]
[EventDate "2013.07.13"]

1. d4 Nf6 2. Nf3 c5 3. d5 g6 4. c4 Bg7 5. Nc3 O-O 6. e4 d6 7. Bd3 e5 8. h3 Na6
9. Bg5 Bd7 10. Qd2 Nc7 11. O-O a6 12. a3 b5 13. b4 cxb4 14. axb4 bxc4 15. Bxc4
Qb8 16. Qd3 Rc8 17. Nd2 Nh5 18. Rfb1 Nf4 19. Bxf4 exf4 20. Ra3 Qb6 21. Nf3 h6
22. Ne2 Nb5 23. Rab3 g5 24. Rd1 Rc7 25. Nfd4 Nxd4 26. Nxd4 Ba4 0-1